| 000 | 01303nam a2200241Ia 4500 | ||
|---|---|---|---|
| 003 | Ost | ||
| 005 | 20260507075054.0 | ||
| 008 | 260507s9999||||xx |||||||||||||| ||und|| | ||
| 040 | _cfsecg | ||
| 041 | _aara | ||
| 082 | _a657.42 | ||
| 100 |
_aعطية، هاشم احمد _eمؤلف |
||
| 245 | 0 |
_aالمحاسبة عن تكاليف العقود طويلة الاجل (المقاولات) / _c هاشم احمد عطية |
|
| 260 |
_aالاسكندرية: _bالدار الجامعية, _c2002 |
||
| 300 |
_a183 صفحة؛ _bإيضاحات ؛ _c24 سم |
||
| 504 | _aبيبليوغرافيا :ص.183 | ||
| 520 | _aطبيعة وخصائص طريقة تكاليف العقود ، نظام المحاسبة عن تكاليف العقود ، المحاسبة عن تكلفة المواد ، المحاسبة عن تكلفة العمل البشري ، المحاسبة عن تكلفة العمل الألي ، المحاسبة عن تكلفة العقود من الباطن ، المحاسبة عن النفقات العامة ، قياس الأرباح في نشاط المقاولات | ||
| 653 | _aالتكاليف المعيارية | ||
| 653 | _aالعقود | ||
| 653 | _aالمحاسبة | ||
| 700 |
_aمحمد، محمد محمود عبد ربه _eمؤلف ثانوي |
||
| 942 | _cكتاب | ||
| 999 |
_c42722 _d42722 |
||